| 000 | 00844nam a22002537a 4500 | ||
|---|---|---|---|
| 001 | BR8901312 | ||
| 003 | BR-BrBNA | ||
| 005 | 20230928093155.0 | ||
| 007 | ta | ||
| 008 | 230509b bl.||||| |||| 00| 0 por d | ||
| 040 |
_aBR-BrBNA _bpor _cBiblioteca Nacional de Agricultura |
||
| 041 | _a(Por) | ||
| 072 |
_aP01 _b/G514 |
||
| 090 | _ P01 BR8901312 | ||
| 110 | 1 |
_aInstituto Brasileiro de Desenvolvimento Florestal, Brasilia, DF (Brasil); _95727 |
|
| 110 | 1 |
_aFundacao Brasileira para a Conservacao da Natureza, Brasilia, DF (Brasil) _94781 |
|
| 245 | 1 | _aPlano do sistema de unidades de conservacao do Brasil. 2. etapa | |
| 260 | 3 |
_aBrasilia, DF (Brasil): _c1982. |
|
| 300 | _a173 p. | ||
| 500 | _a40 illus.; Bibliography p. 171-173 (81 ref.) | ||
| 650 | _aPRESERVACAO DA NATUREZA | ||
| 909 |
_a202309 _bLucia _c55 _dLucia Elande |
||
| 942 | _cBK | ||
| 999 |
_c43417 _d43417 |
||